| 000 | 01045nam a22003137a 4500 | ||
|---|---|---|---|
| 001 | BR7503719 | ||
| 003 | BR-BrBNA | ||
| 005 | 20230928084824.0 | ||
| 007 | ta | ||
| 008 | 230509b bl.||||| |||| 00| 0 por d | ||
| 040 |
_aBR-BrBNA _bpor _cBiblioteca Nacional de Agricultura |
||
| 041 | _a(Por) | ||
| 072 |
_aE70; F00 _b0100 _b1300 _b0600 _b/G514 |
||
| 090 | _ 0100 BR7503719 | ||
| 110 | 1 | _aSecretaria da Agricultura do Maranhao, Sao Luis (Brasil). Servico de Economia Rural; | |
| 110 | 1 |
_aSuperintendencia do Desenvolvimento do Nordeste, Sao Luis, MA (Brasil). Depto. de Agricultura e Abastecimento _910196 |
|
| 245 | 1 | _aAspectos da comercializacao de produtos hortifruti-granjeiros e cereais na cidade de Sao Luis [Maranhao, Brasil] | |
| 260 | 3 |
_aSao Luis, MA (Brasil): _c1975. |
|
| 300 | _a371 p. | ||
| 500 | _aNumerical data; 11 ref. | ||
| 650 | _aABASTECIMENTO | ||
| 650 | _aFRUTA | ||
| 650 | _aCEREAL | ||
| 650 | _aPRECO | ||
| 650 | _aSAO LUIS | ||
| 650 | _aMARANHAO | ||
| 909 |
_a202309 _bLucia _c55 _dLucia Elande |
||
| 942 | _cBK | ||
| 999 |
_c21287 _d21287 |
||